| 000 | 00726nam a2200205 i 4500 | ||
|---|---|---|---|
| 001 | 28606 | ||
| 003 | ES-MaACL | ||
| 005 | 20230906153909.0 | ||
| 007 | t| | ||
| 008 | 030117s1929 sp ||||1| spa d | ||
| 100 | 1 |
_aAzpeitia Moros, Florentino. _924347 |
|
| 245 | 1 | 0 |
_aMonografía de las melanopsis vivientes y fósiles de España / _cpor Florentino Azpeitia Moros. |
| 260 |
_aMadrid : _b[s.n., _c1929] ( _fGráficas Reunidas) |
||
| 300 |
_aXIX, 502 p., 14 lám. ; _c24 cm. |
||
| 490 | 1 | _aMemorias del Instituto Geológico de España | |
| 710 | 2 |
_aInstituto Geológico de España. _95076 |
|
| 830 | 0 |
_aMemorias del Instituto Geológico de España _9182220 |
|
| 852 |
_aES-MaACL _jA-5278 _bR.18042 |
||
| 999 |
_c28606 _d28606 |
||